| 000 | 00887cam a2200265 a 4500 | ||
|---|---|---|---|
| 999 |
_c4838 _d4838 |
||
| 001 | 17083705 | ||
| 003 | GBCCL | ||
| 005 | 20241126110528.0 | ||
| 008 | 111214s2012 oru 000 0 eng | ||
| 010 | _a 2011050762 | ||
| 020 | _a9780736945493 (hardcover) | ||
| 040 |
_aDLC _cDLC _dDLC |
||
| 042 | _apcc | ||
| 050 | 0 | 0 |
_aBV835 _b.M29 2012 |
| 082 | 0 | 0 |
_a248.4 _223 _bMAX |
| 100 | 1 |
_aMaxson, J. Robin, _d1947- _98814 |
|
| 245 | 1 | 0 |
_aSingleness, marriage, and the will of God / _cJ. Robin Maxson with Garry Friesen. |
| 260 |
_aEugene, Or. : _bHarvest House Publishers, _cc2012. |
||
| 300 |
_a396 p. ; _c24 cm. |
||
| 650 | 0 |
_aMarriage _xReligious aspects _xChristianity. _9295 |
|
| 700 | 1 |
_aFriesen, Garry, _d1947- _98815 |
|
| 906 |
_a7 _bcbc _corignew _d1 _eecip _f20 _gy-gencatlg |
||
| 942 |
_2ddc _cBK _04 |
||